Budovanie a riadenie hodnoty značky v praxi zahraničných podnikov

Vybrané problémy manažmentu značky v zahraničí. Hodnotenie značiek vo svete. Najlepšie hodnotené značky podľa spoločnosti Interbrand v roku 2011.

Enregistré dans:
Détails bibliographiques
Auteur principal: Majerová, Jana
Autres auteurs: Hrašková, Dagmar
Format: Chapitre de livre
Langue:slovaque
Sujets:
Tags: Ajouter un tag
Pas de tags, Soyez le premier à ajouter un tag!

MARC

LEADER 00000nla a2200000 4500
001 0162507
005 20220330080824.9
041 0 |a slo 
044 |a SK 
245 1 0 |a Budovanie a riadenie hodnoty značky v praxi zahraničných podnikov  |c Jana Majerová, Dagmar Hrašková 
520 |a Vybrané problémy manažmentu značky v zahraničí. Hodnotenie značiek vo svete. Najlepšie hodnotené značky podľa spoločnosti Interbrand v roku 2011. 
610 2 0 |a značky kvality 
610 2 0 |a značky maloobchodné 
610 2 0 |a značky výrobkov 
610 2 0 |a podnik zahraničný 
610 2 0 |a značky výrobné 
100 1 |a Majerová, Jana 
700 1 |a Hrašková, Dagmar